| 000 | 00555nam a2200193Ia 4500 | ||
|---|---|---|---|
| 005 | 20250508163450.0 | ||
| 008 | 008 250505s9999 xx 000 0 eng d | ||
| 020 | _a92-3-102751-4 | ||
| 037 | _aTextual | ||
| 040 |
_aFEDL _beng _cFEDL |
||
| 041 |
_aeng _2eng |
||
| 084 |
_a370.9, UNE _qFEDL |
||
| 245 | 0 | _aWorld education report 1991 | |
| 260 |
_aParis, France _bUnited Nation Educational Scientfic and Cultural Orgnization _c1991 |
||
| 300 | _a149p. | ||
| 650 | _aEducation | ||
| 942 |
_cTEXL _h370.9, UNE |
||
| 999 |
_c1383460 _d1383460 |
||